[Event "TUR-chT2"]
[Site "Konya"]
[Date "2016.07.18"]
[Round "2.1"]
[White "Afyoncu, Omer"]
[Black "Polatel, Ali"]
[Result "0-1"]
[WhiteElo "2028"]
[BlackElo "2159"]
[PlyCount "86"]
[EventDate "2016.07.17"]
[EventType "team-swiss"]
[EventRounds "9"]
[EventCountry "TUR"]
[SourceTitle "CBM 173 Extra"]
[Source "ChessBase"]
[SourceDate "2016.08.29"]
[SourceVersion "1"]
[SourceVersionDate "2016.08.29"]
[SourceQuality "1"]
[WhiteTeam "Ankara Dernegi"]
[BlackTeam "Canakkale Gokceada"]
[WhiteTeamCountry "TUR"]
[BlackTeamCountry "TUR"]

1. Nf3 Nf6 2. g3 d5 3. Bg2 g6 4. 0-0 Bg7 5. d4 0-0 6. c4 dxc4 7. Na3 Nc6 8. Nxc4 Be6 9. b3 Bd5 10. Bb2 a5 11. Rc1 Bh6 12. e3 Ra6 13. a4 Re8 14. Re1 Nb4 15. Bf1 Ne4 16. Nfe5 f5 17. f3 Nf6 18. Na3 Ra8 19. Nb5 c6 20. Nc3 Be6 21. Nc4 Rf8 22. Rb1 Qc7 23. Qe2 Rad8 24. Red1 Bc8 25. Ne5 Be6 26. Nc4 b6 27. Bh3 Bc8 28. Bg2 Ba6 29. e4 b5 30. axb5 cxb5 31. Na3 fxe4 32. fxe4 Qb6 33. Ncxb5 Rb8 34. Bf1 Nc6 35. Kh1 Na7 36. e5 Nd5 37. Qe4 Rxf1+ 38. Rxf1 Bb7 39. Rf3 Nxb5 40. Qd3 Nb4 41. Qe2 Nxa3 42. Bxa3 Rf8 43. Rbf1 Qc6 0-1

[Event "Manavgat Turkey Cup"]
[Site "Manavgat"]
[Date "2015.02.04"]
[Round "7"]
[White "Aysoy, Veysi"]
[Black "Afyoncu, Omer"]
[Result "0-1"]
[WhiteElo "1890"]
[BlackElo "2088"]
[PlyCount "102"]
[EventDate "2015.01.31"]
[EventType "swiss"]
[EventRounds "11"]
[EventCountry "TUR"]
[SourceTitle "CBM 164 Extra"]
[Source "ChessBase"]
[SourceDate "2015.03.02"]
[SourceVersion "1"]
[SourceVersionDate "2015.03.02"]
[SourceQuality "1"]

1. d4 Nf6 2. c4 e6 3. Nf3 a6 4. a3 c5 5. g3 cxd4 6. Nxd4 Qc7 7. b3 b5 8. cxb5 Bb7 9. f3 axb5 10. Bg2 Qb6 11. e3 e5 12. Nc2 d5 13. 0-0 Nc6 14. Qe2 b4 15. Rd1 Bd6 16. a4 0-0 17. Nd2 Ba6 18. Qf2 Bc5 19. Bf1 d4 20. Nc4 Bxc4 21. Bxc4 Rad8 22. Kg2 e4 23. exd4 Nxd4 24. Nxd4 Bxd4 25. Rxd4 exf3+ 26. Kxf3 Rxd4 27. Kg2 Ng4 28. a5 Qc5 29. Qe2 Qc8 30. a6 Re8 31. Qf3 Ne5 32. Qb7 Nxc4 33. Qxc8 Rxc8 34. bxc4 Rdxc4 35. a7 Ra8 36. Bf4 b3 37. Bb8 Rb4 38. Kf2 Rbxb8 39. axb8Q+ Rxb8 40. Rb1 b2 41. Ke3 f6 42. Kf3 Kf7 43. Kf2 f5 44. Kf3 Kf6 45. h4 Rb3+ 46. Kf4 g6 47. g4 Rb4+ 48. Kf3 fxg4+ 49. Kg3 Ke5 50. h5 gxh5 51. Kh4 Kd4 0-1

[Event "Manavgat Turkey Cup"]
[Site "Manavgat"]
[Date "2015.02.03"]
[Round "6"]
[White "Tasdogen, Dincer"]
[Black "Afyoncu, Omer"]
[Result "1-0"]
[WhiteElo "1936"]
[BlackElo "2088"]
[PlyCount "129"]
[EventDate "2015.01.31"]
[EventType "swiss"]
[EventRounds "11"]
[EventCountry "TUR"]
[SourceTitle "CBM 164 Extra"]
[Source "ChessBase"]
[SourceDate "2015.03.02"]
[SourceVersion "1"]
[SourceVersionDate "2015.03.02"]
[SourceQuality "1"]

1. e4 c5 2. Ne2 e6 3. c4 Nc6 4. d4 cxd4 5. Nxd4 d6 6. Nc3 Nf6 7. Be3 Be7 8. Be2 0-0 9. 0-0 Bd7 10. f3 a6 11. Rc1 Qb8 12. Nb3 b6 13. Qd2 Bc8 14. Rfd1 Re8 15. Bf1 Nd7 16. Nd4 Bb7 17. Nxc6 Bxc6 18. b4 Bb7 19. Na4 Bc6 20. Nc3 Qa7 21. a4 a5 22. b5 Bb7 23. Bg5 Bf8 24. Ne2 Rac8 25. Nd4 Nc5 26. Qa2 Rc7 27. Nb3 Nd7 28. Bf4 Ne5 29. Qd2 Rec8 30. Bxe5 dxe5 31. c5 bxc5 32. Qxa5 Qa8 33. Qxa8 Bxa8 34. Bc4 Be7 35. a5 Rb8 36. b6 Rcc8 37. Rd7 Kf8 38. Rcd1 Bc6 39. R7d2 Ra8 40. a6 Rcb8 41. b7 Bxb7 42. axb7 Rxb7 43. Rc2 Ra4 44. Nd2 Bg5 45. Nf1 g6 46. Be2 Ra5 47. Rd6 Rc7 48. Rb6 Ra3 49. Rb5 Be7 50. Nd2 Ra1+ 51. Kf2 Ra4 52. Nc4 f6 53. Rb8+ Kg7 54. Rb6 f5 55. Rxe6 fxe4 56. fxe4 Bh4+ 57. g3 Bf6 58. Nb6 Rxe4 59. Rxf6 Rd4 60. Rf3 e4 61. Rf4 g5 62. Rf5 e3+ 63. Kxe3 Re7+ 64. Kf2 g4 65. Rcxc5 1-0

[Event "Kemer Turkey Cup"]
[Site "Kemer"]
[Date "2014.02.08"]
[Round "9"]
[White "Temizkan, Denizcan"]
[Black "Afyoncu, Omer"]
[Result "1/2-1/2"]
[WhiteElo "2025"]
[BlackElo "2105"]
[PlyCount "99"]
[EventDate "2014.02.01"]
[EventType "swiss"]
[EventRounds "9"]
[EventCountry "TUR"]
[SourceTitle "CBM 158 Extra"]
[Source "ChessBase"]
[SourceDate "2014.02.28"]
[SourceVersion "1"]
[SourceVersionDate "2014.02.28"]
[SourceQuality "1"]

1. d4 f5 2. Bg5 g6 3. Nd2 d5 4. e3 Be6 5. Ngf3 Bg7 6. c4 Nc6 7. Qb3 Qd7 8. Rc1 Nf6 9. Ne5 Nxe5 10. dxe5 Ne4 11. Nxe4 dxe4 12. Rd1 Qc6 13. Qb4 Bf8 14. c5 a6 15. Bc4 b5 16. Be2 Bxa2 17. b3 Qe6 18. Ra1 Bxb3 19. Bxb5+ Kf7 20. 0-0 Bd5 21. Be2 Bg7 22. Rfd1 Rhb8 23. Qa5 Bxe5 24. Rac1 c6 25. Rb1 Rxb1 26. Rxb1 Bc4 27. Bd1 Rb8 28. Rxb8 Bxb8 29. Qd8 Be5 30. Ba4 Bf6 31. Bh6 Bg7 32. Bxg7 Kxg7 33. Qd4+ Kf7 34. Bxc6 Qxc6 35. Qxc4+ e6 36. h3 a5 37. Qd4 a4 38. Qb4 Qa8 39. Qd4 a3 40. Qd7+ Kf6 41. Qd4+ Kg5 42. Qa1 h5 43. c6 Qxc6 44. Qxa3 Qc7 45. Qf8 h4 46. Qe8 e5 47. Qe6 Qc5 48. Kh2 Kh5 49. Qf6 Qa5 50. Qe7 1/2-1/2

[Event "Kemer Turkey Cup"]
[Site "Kemer"]
[Date "2014.02.06"]
[Round "7"]
[White "Bitirgen, Bilent"]
[Black "Afyoncu, Omer"]
[Result "0-1"]
[WhiteElo "1820"]
[BlackElo "2105"]
[PlyCount "56"]
[EventDate "2014.02.01"]
[EventType "swiss"]
[EventRounds "9"]
[EventCountry "TUR"]
[SourceTitle "CBM 158 Extra"]
[Source "ChessBase"]
[SourceDate "2014.02.28"]
[SourceVersion "1"]
[SourceVersionDate "2014.02.28"]
[SourceQuality "1"]

1. d4 f5 2. g3 Nf6 3. Bg2 d6 4. Nf3 g6 5. b3 Bg7 6. 0-0 0-0 7. Bb2 a5 8. c4 e6 9. Nbd2 Nc6 10. Qc2 Qe8 11. a3 Bd7 12. e4 e5 13. Rae1 fxe4 14. Nxe4 Bf5 15. Nxf6+ Bxf6 16. Qd2 Qd8 17. dxe5 dxe5 18. Qd5+ Qxd5 19. cxd5 Nd4 20. Nxe5 Nxb3 21. d6 c6 22. Re3 a4 23. Rd1 Bc2 24. Rde1 Rad8 25. Nxc6 bxc6 26. Bxc6 Bxb2 27. R1e2 Nd4 28. Rxc2 Nxc2 0-1

[Event "Kemer Turkey Cup"]
[Site "Kemer"]
[Date "2014.02.03"]
[Round "4"]
[White "Karaoglan, Kivanc"]
[Black "Afyoncu, Omer"]
[Result "1-0"]
[WhiteElo "1837"]
[BlackElo "2105"]
[PlyCount "69"]
[EventDate "2014.02.01"]
[EventType "swiss"]
[EventRounds "9"]
[EventCountry "TUR"]
[SourceTitle "CBM 158 Extra"]
[Source "ChessBase"]
[SourceDate "2014.02.28"]
[SourceVersion "1"]
[SourceVersionDate "2014.02.28"]
[SourceQuality "1"]

1. e4 c5 2. Nf3 e6 3. d3 Nc6 4. Nbd2 Nf6 5. g3 d5 6. Bg2 Be7 7. 0-0 Qc7 8. Re1 0-0 9. Qe2 Re8 10. Nf1 b6 11. e5 Nd7 12. Bf4 Ba6 13. h4 Rac8 14. c3 b5 15. h5 b4 16. N1h2 bxc3 17. bxc3 Qa5 18. Rac1 d4 19. Ng5 Bxg5 20. Bxg5 dxc3 21. h6 Nd4 22. Qe4 g6 23. Ng4 c4 24. Qf4 Nf5 25. d4 Qb6 26. Red1 Bb7 27. d5 exd5 28. Bxd5 Bxd5 29. Rxd5 Nc5 30. Nf6+ Kh8 31. Nxe8 Nd3 32. Rxd3 cxd3 33. Nd6 Rc7 34. Qe4 Qc6 35. Qxd3 1-0

[Event "TUR-chT"]
[Site "Konya"]
[Date "2011.07.08"]
[Round "12"]
[White "Erdogdu, Mert"]
[Black "Afyoncu, Omer"]
[Result "1-0"]
[WhiteElo "2434"]
[BlackElo "2112"]
[PlyCount "73"]
[EventDate "2011.06.28"]
[EventType "team-swiss"]
[EventRounds "13"]
[EventCountry "TUR"]
[SourceTitle "CBM 143 Extra"]
[Source "ChessBase"]
[SourceDate "2011.08.29"]
[SourceVersion "1"]
[SourceVersionDate "2011.08.29"]
[SourceQuality "1"]
[WhiteTeam "Adana Truva"]
[BlackTeam "Yesilkoy"]
[WhiteTeamCountry "TUR"]
[BlackTeamCountry "TUR"]

1. e4 c5 2. Nf3 d6 3. d4 cxd4 4. Nxd4 Nf6 5. Nc3 Nc6 6. Bg5 e6 7. Qd2 a6 8. 0-0-0 h6 9. Be3 Nxd4 10. Bxd4 b5 11. f3 Bb7 12. Kb1 Rc8 13. Bd3 Nd7 14. g4 Ne5 15. Qe3 Qc7 16. a3 Nc6 17. Bb6 Qb8 18. h4 Be7 19. g5 h5 20. Rhf1 Ba8 21. f4 Qb7 22. e5 dxe5 23. fxe5 g6 24. Bc5 0-0 25. Bxe7 Nxe7 26. Ne4 Rcd8 27. Nd6 Qc7 28. Rd2 Nc6 29. Be2 b4 30. Bf3 bxa3 31. Bxc6 Bxc6 32. Qxa3 Bd5 33. Rdf2 f5 34. gxf6 Rxd6 35. f7+ Kg7 36. exd6 Qc6 37. Qg3 1-0

[Event "TUR-chT"]
[Site "Konya"]
[Date "2011.07.07"]
[Round "11"]
[White "Yeke, Serkan"]
[Black "Afyoncu, Omer"]
[Result "1/2-1/2"]
[WhiteElo "2293"]
[BlackElo "2112"]
[PlyCount "99"]
[EventDate "2011.06.28"]
[EventType "team-swiss"]
[EventRounds "13"]
[EventCountry "TUR"]
[SourceTitle "CBM 143 Extra"]
[Source "ChessBase"]
[SourceDate "2011.08.29"]
[SourceVersion "1"]
[SourceVersionDate "2011.08.29"]
[SourceQuality "1"]
[WhiteTeam "Gazi Universitesi"]
[BlackTeam "Yesilkoy"]
[WhiteTeamCountry "TUR"]
[BlackTeamCountry "TUR"]

1. e4 c5 2. Nc3 e6 3. f4 a6 4. Nf3 b5 5. d4 cxd4 6. Qxd4 d6 7. Be3 Bb7 8. 0-0-0 Nc6 9. Qd2 Nf6 10. Bd3 Qc7 11. Rhe1 Be7 12. f5 0-0 13. fxe6 fxe6 14. Nd4 Nxd4 15. Bxd4 Ng4 16. h3 Ne5 17. Kb1 Ng6 18. Ne2 Rf7 19. Rf1 Raf8 20. Rxf7 Rxf7 21. Be3 Ne5 22. Nd4 Qd7 23. Qc3 Nxd3 24. Qxd3 d5 25. Nf3 Qc7 26. e5 Qc4 27. Nd4 Qxd3 28. cxd3 Bc5 29. Rc1 Bxd4 30. Bxd4 Kf8 31. b4 Ke8 32. Kc2 Rf4 33. Kc3 Kd7 34. a3 Bc6 35. Kd2 Rf5 36. Ke3 Kc7 37. g4 Rf7 38. h4 Kb7 39. h5 Be8 40. Rh1 h6 41. Rg1 Rf8 42. Rg3 Kc6 43. Rf3 Rxf3+ 44. Kxf3 g6 45. g5 gxh5 46. gxh6 Bg6 47. Kf4 Kd7 48. Kg5 Bxd3 49. Kxh5 Ke7 50. Kg5 1/2-1/2

[Event "TUR-chT"]
[Site "Konya"]
[Date "2011.07.05"]
[Round "9"]
[White "Tanrikulu, Secim Erhan"]
[Black "Afyoncu, Omer"]
[Result "1-0"]
[WhiteElo "2264"]
[BlackElo "2112"]
[PlyCount "93"]
[EventDate "2011.06.28"]
[EventType "team-swiss"]
[EventRounds "13"]
[EventCountry "TUR"]
[SourceTitle "CBM 143 Extra"]
[Source "ChessBase"]
[SourceDate "2011.08.29"]
[SourceVersion "1"]
[SourceVersionDate "2011.08.29"]
[SourceQuality "1"]
[WhiteTeam "Besiktas Jimnastik"]
[BlackTeam "Yesilkoy"]
[WhiteTeamCountry "TUR"]
[BlackTeamCountry "TUR"]

1. e4 c5 2. Nf3 Nc6 3. c3 Nf6 4. e5 Nd5 5. d4 cxd4 6. cxd4 d6 7. Bc4 e6 8. 0-0 Be7 9. Qe2 0-0 10. Nc3 dxe5 11. dxe5 Nxc3 12. bxc3 Qa5 13. Bd3 Rd8 14. Bd2 Qc5 15. Rfe1 Rd7 16. Rad1 a5 17. Ng5 Bxg5 18. Bxg5 Qxc3 19. Qe4 g6 20. Bb5 Qb4 21. Bc4 Rd4 22. Rxd4 Nxd4 23. Rd1 Nc6 24. Re1 Nd4 25. Rd1 Nc6 26. Bf6 Qf8 27. Bb5 Ne7 28. Rd6 Bd7 29. Rxd7 Nd5 30. h3 Qh6 31. Qf3 Rc8 32. Kh2 Qf8 33. Qg4 Qc5 34. a4 Nxf6 35. exf6 Qe5+ 36. Qg3 Qxf6 37. Rxb7 Rc3 38. Qb8+ Kg7 39. Be8 Rxh3+ 40. Kxh3 Qf5+ 41. Kg3 Qg5+ 42. Kf3 Qd5+ 43. Ke3 Qc5+ 44. Kd3 Qd5+ 45. Kc3 Qc5+ 46. Kb3 Qd5+ 47. Ka3 1-0

[Event "TUR-chT"]
[Site "Konya"]
[Date "2011.07.04"]
[Round "8"]
[White "Afyoncu, Omer"]
[Black "Yaramis, Hakan"]
[Result "0-1"]
[WhiteElo "2112"]
[BlackElo "2094"]
[PlyCount "100"]
[EventDate "2011.06.28"]
[EventType "team-swiss"]
[EventRounds "13"]
[EventCountry "TUR"]
[SourceTitle "CBM 143 Extra"]
[Source "ChessBase"]
[SourceDate "2011.08.29"]
[SourceVersion "1"]
[SourceVersionDate "2011.08.29"]
[SourceQuality "1"]
[WhiteTeam "Yesilkoy"]
[BlackTeam "Turk Hava Yollari"]
[WhiteTeamCountry "TUR"]
[BlackTeamCountry "TUR"]

1. c4 Nf6 2. Nf3 g6 3. b3 Bg7 4. Bb2 0-0 5. g3 b6 6. Bg2 Bb7 7. 0-0 c5 8. d3 Nc6 9. e4 d6 10. Nh4 e5 11. Qe1 Nd4 12. Bxd4 cxd4 13. Nd2 Bh6 14. Bh3 Bc8 15. Bxc8 Rxc8 16. h3 Nh5 17. Qe2 Nf4 18. Qf3 Nxh3+ 19. Kh2 Qd7 20. Rad1 Ng5 21. Qg2 Ne6 22. Ndf3 Ng7 23. Rh1 f5 24. Kg1 fxe4 25. dxe4 Qg4 26. Re1 Rc7 27. Nh2 Qe6 28. g4 Rcf7 29. N2f3 Rf4 30. Nf5 gxf5 31. exf5 Qf6 32. Qh3 Nxf5 33. gxf5 Qxf5 34. Qxf5 R8xf5 35. Rxh6 Rxf3 36. Rxd6 Rg5+ 37. Kf1 Rgf5 38. Kg1 Rg5+ 39. Kf1 Kg7 40. Rd7+ Rf7 41. Rd5 Kf6 42. Re4 Rf5 43. Ke1 h5 44. a3 Rh7 45. Rd8 h4 46. Rf8+ Ke6 47. Rg8 h3 48. Rg6+ Rf6 49. Rg1 h2 50. Rh1 Rf3 0-1

[Event "TUR-chT"]
[Site "Konya"]
[Date "2011.07.02"]
[Round "6"]
[White "Afyoncu, Omer"]
[Black "Kucumenler, Tarkan"]
[Result "1-0"]
[WhiteElo "2112"]
[BlackElo "2076"]
[PlyCount "69"]
[EventDate "2011.06.28"]
[EventType "team-swiss"]
[EventRounds "13"]
[EventCountry "TUR"]
[SourceTitle "CBM 143 Extra"]
[Source "ChessBase"]
[SourceDate "2011.08.29"]
[SourceVersion "1"]
[SourceVersionDate "2011.08.29"]
[SourceQuality "1"]
[WhiteTeam "Yesilkoy"]
[BlackTeam "Mersin Ezgi"]
[WhiteTeamCountry "TUR"]
[BlackTeamCountry "TUR"]

1. e4 c5 2. Nf3 d6 3. d4 cxd4 4. Nxd4 Nf6 5. Nc3 a6 6. g3 g6 7. Bg2 Bg7 8. 0-0 Bg4 9. Qd3 0-0 10. h3 Bd7 11. Nb3 Nc6 12. a4 Rc8 13. f4 Nb4 14. Qe2 Be6 15. Rd1 Bc4 16. Qf2 Nxc2 17. Qxc2 Qb6+ 18. Nd4 e5 19. a5 Qa7 20. Be3 exd4 21. Bxd4 Qb8 22. Qf2 Qc7 23. e5 dxe5 24. Bxe5 Qe7 25. Bd6 Qe6 26. Bxf8 Bxf8 27. Kh2 Rc5 28. Bf3 h5 29. Rd8 Qf5 30. Ne4 Rc6 31. Nxf6+ Rxf6 32. h4 Kg7 33. Qd4 Qc2+ 34. Bg2 Bb4 35. Rc8 1-0

[Event "TUR-ch"]
[Site "Kemer"]
[Date "2011.02.10"]
[Round "7"]
[White "Afyoncu, Omer"]
[Black "Ozturk Orenli, Kubra"]
[Result "1/2-1/2"]
[WhiteElo "2116"]
[BlackElo "2266"]
[PlyCount "72"]
[EventDate "2011.02.05"]
[EventType "swiss"]
[EventRounds "10"]
[EventCountry "TUR"]
[SourceTitle "CBM 140 Extra"]
[Source "ChessBase"]
[SourceDate "2011.03.01"]
[SourceVersion "1"]
[SourceVersionDate "2011.03.01"]
[SourceQuality "1"]

1. Nf3 d5 2. d4 Nf6 3. e3 g6 4. Nbd2 Bg7 5. Bd3 0-0 6. 0-0 c5 7. c3 Nbd7 8. b4 b6 9. bxc5 bxc5 10. e4 dxe4 11. Nxe4 cxd4 12. cxd4 Bb7 13. Qe2 Nd5 14. Rb1 Rb8 15. Rb3 Qc7 16. Bb5 Bc6 17. Bxc6 Qxc6 18. Ra3 Rb7 19. Bd2 Rfb8 20. Qd3 N5f6 21. Nc3 Qd6 22. Ra5 Qb6 23. Na4 Qd8 24. Qa6 Ne4 25. Bf4 e5 26. dxe5 g5 27. Be3 g4 28. Nd4 Nxe5 29. Nb3 Rd7 30. Nac5 Nxc5 31. Rxc5 Rd1 32. Rc1 Rxf1+ 33. Rxf1 Qc8 34. Qxa7 Ra8 35. Qe7 Ng6 36. Qe4 Rxa2 1/2-1/2

[Event "TUR-ch"]
[Site "Kemer"]
[Date "2011.02.08"]
[Round "5"]
[White "Afyoncu, Omer"]
[Black "Uysal, Burak"]
[Result "1-0"]
[WhiteElo "2116"]
[BlackElo "1798"]
[PlyCount "93"]
[EventDate "2011.02.05"]
[EventType "swiss"]
[EventRounds "10"]
[EventCountry "TUR"]
[SourceTitle "CBM 140 Extra"]
[Source "ChessBase"]
[SourceDate "2011.03.01"]
[SourceVersion "1"]
[SourceVersionDate "2011.03.01"]
[SourceQuality "1"]

1. e4 c5 2. Nf3 d6 3. d4 cxd4 4. Nxd4 Nf6 5. Nc3 a6 6. g3 e5 7. Nde2 Be7 8. Bg2 0-0 9. a4 b6 10. 0-0 Nbd7 11. h3 Bb7 12. g4 Nc5 13. Ng3 g6 14. f4 Nfd7 15. f5 Bc6 16. b4 Nb7 17. Bh6 b5 18. Bxf8 Nxf8 19. a5 Bh4 20. Qf3 Rc8 21. Rad1 Qe7 22. fxg6 hxg6 23. Nd5 Bxd5 24. exd5 Bxg3 25. Qxg3 Rxc2 26. Rf2 Rc4 27. Rb1 Nh7 28. Qe3 Rd4 29. Rc2 Kg7 30. Rc6 Nf6 31. Rxa6 Nd8 32. Ra8 Nxd5 33. Bxd5 Rxd5 34. a6 Nc6 35. Rc1 e4 36. Qc3+ Ne5 37. Qc8 Nf3+ 38. Kf1 Qh4 39. Qf8+ Kf6 40. Qd8+ Ke5 41. Qxh4 Nxh4 42. Re8+ Kf4 43. a7 Rd2 44. a8Q d5 45. Qb8+ Ke3 46. Rc3+ Kd4 47. Qe5# 1-0

[Event "TUR-ch"]
[Site "Kemer"]
[Date "2011.02.06"]
[Round "3"]
[White "Afyoncu, Omer"]
[Black "Unver, Cumali"]
[Result "1/2-1/2"]
[WhiteElo "2116"]
[BlackElo "2002"]
[PlyCount "53"]
[EventDate "2011.02.05"]
[EventType "swiss"]
[EventRounds "10"]
[EventCountry "TUR"]
[SourceTitle "CBM 140 Extra"]
[Source "ChessBase"]
[SourceDate "2011.03.01"]
[SourceVersion "1"]
[SourceVersionDate "2011.03.01"]
[SourceQuality "1"]

1. e4 d6 2. d4 Nf6 3. Nc3 e5 4. Nge2 Be7 5. h3 c6 6. a4 0-0 7. g4 exd4 8. Nxd4 d5 9. e5 Nfd7 10. e6 Nc5 11. exf7+ Rxf7 12. Bg2 Nbd7 13. 0-0 Ne5 14. Qe2 Bd6 15. b4 Na6 16. b5 Bxg4 17. hxg4 Qh4 18. f4 Nxg4 19. Bf3 Bc5 20. Rd1 Re7 21. Ne4 Rxe4 22. Bxe4 Re8 23. Bxd5+ Kf8 24. Qd2 Bxd4+ 25. Qxd4 Qh2+ 26. Kf1 Qe2+ 27. Kg1 1/2-1/2

[Event "TUR-ch"]
[Site "Kemer"]
[Date "2011.02.06"]
[Round "2"]
[White "Aysoy, Veysi"]
[Black "Afyoncu, Omer"]
[Result "1/2-1/2"]
[WhiteElo "1868"]
[BlackElo "2116"]
[PlyCount "135"]
[EventDate "2011.02.05"]
[EventType "swiss"]
[EventRounds "10"]
[EventCountry "TUR"]
[SourceTitle "CBM 140 Extra"]
[Source "ChessBase"]
[SourceDate "2011.03.01"]
[SourceVersion "1"]
[SourceVersionDate "2011.03.01"]
[SourceQuality "1"]

1. d4 Nf6 2. Nc3 d5 3. Bg5 e6 4. e4 dxe4 5. Nxe4 Nbd7 6. Nxf6+ Nxf6 7. Nf3 h6 8. Bh4 Be7 9. Bb5+ c6 10. Bd3 0-0 11. 0-0 b6 12. c3 Bb7 13. Qe2 c5 14. dxc5 bxc5 15. Bxf6 Bxf6 16. Be4 Rb8 17. Rfd1 Qb6 18. Bxb7 Rxb7 19. Rd2 Qb5 20. Qxb5 Rxb5 21. Rc1 a5 22. Kf1 a4 23. Rcc2 g5 24. Ng1 Kg7 25. Ne2 Rfb8 26. Ng3 Be5 27. Ne2 f5 28. g3 f4 29. gxf4 gxf4 30. Ng1 Kg6 31. Nf3 Bf6 32. Ke2 Kf5 33. Kd3 e5 34. Kc4 R5b7 35. Ne1 e4 36. f3 exf3 37. Nxf3 Ke4 38. Rf2 Kf5 39. Rcd2 Re8 40. Rd5+ Kg4 41. Rxc5 a3 42. b4 Bxc3 43. Kxc3 Re3+ 44. Kc4 Rxf3 45. Rg2+ Kh4 46. Rg6 Rh7 47. b5 Rf2 48. Kb3 Rxh2 49. Kxa3 h5 50. Rf5 Rf2 51. Kb3 Re7 52. a4 Re4 53. Rc5 Rf3+ 54. Kb2 Rb4+ 55. Kc2 Rxa4 56. Rgg5 Ra2+ 57. Kb1 Re2 58. Rxh5+ Kg3 59. Rcg5+ Kf2 60. Rh2+ Ke1 61. Rxe2+ Kxe2 62. Kc2 Re3 63. b6 Re7 64. Kc3 f3 65. Kc4 Rf7 66. Kc5 Ke3 67. Rg3 Ke4 68. Rg1 1/2-1/2

[Event "TUR-ch"]
[Site "Kemer"]
[Date "2011.02.05"]
[Round "1"]
[White "Afyoncu, Omer"]
[Black "Bapoglu, Ibrahim"]
[Result "1-0"]
[WhiteElo "2116"]
[BlackElo "1900"]
[PlyCount "95"]
[EventDate "2011.02.05"]
[EventType "swiss"]
[EventRounds "10"]
[EventCountry "TUR"]
[SourceTitle "CBM 140 Extra"]
[Source "ChessBase"]
[SourceDate "2011.03.01"]
[SourceVersion "1"]
[SourceVersionDate "2011.03.01"]
[SourceQuality "1"]

1. e4 e5 2. Nf3 Nf6 3. Nxe5 d6 4. Nf3 Nxe4 5. Nc3 Nf6 6. d4 Be7 7. Bf4 Bf5 8. Bd3 Bxd3 9. Qxd3 0-0 10. d5 Nbd7 11. 0-0-0 Nh5 12. Be3 f5 13. Qe2 Bf6 14. Nd4 Bxd4 15. Rxd4 Nhf6 16. f3 Qe7 17. Qd2 a6 18. Bf2 Qf7 19. Ne2 b5 20. Nf4 Nb6 21. b3 Rfe8 22. Rd3 Re7 23. h4 Rae8 24. Rd1 Nfd7 25. Rc3 Nf6 26. Bxb6 cxb6 27. Rc6 Nh5 28. Ne6 Qf6 29. Kb1 a5 30. Rxd6 a4 31. Qd4 axb3 32. axb3 Ra7 33. Qxf6 Nxf6 34. Rxb6 Rea8 35. Rd2 Kf7 36. Ng5+ Ke7 37. Rxb5 h6 38. Ne6 g6 39. Nc5 Kd6 40. Na4 Nd7 41. Re2 Rxa4 42. Re6+ Kc7 43. bxa4 Rxa4 44. Rxg6 Rxh4 45. Rc6+ Kd8 46. d6 Rd4 47. Rxf5 Rb4+ 48. Kc1 1-0

[Event "TUR-chT"]
[Site "Konya"]
[Date "2010.07.06"]
[Round "10"]
[White "Kayabolen, Alisan"]
[Black "Afyoncu, Omer"]
[Result "1/2-1/2"]
[WhiteElo "1920"]
[BlackElo "2087"]
[PlyCount "95"]
[EventDate "2010.06.29"]
[EventType "team-tourn"]
[EventRounds "13"]
[EventCountry "TUR"]
[SourceTitle "CBM 137 Extra"]
[Source "ChessBase"]
[SourceDate "2010.09.01"]
[SourceVersion "1"]
[SourceVersionDate "2010.09.01"]
[SourceQuality "1"]

1. e4 c5 2. Nf3 Nc6 3. d4 cxd4 4. Nxd4 Qc7 5. Nc3 e6 6. Be3 a6 7. Be2 Nf6 8. 0-0 Bb4 9. Na4 0-0 10. Nxc6 bxc6 11. Nb6 Rb8 12. Nxc8 Rfxc8 13. Bxa6 Rd8 14. Bd3 Bd6 15. f4 e5 16. b3 exf4 17. Bd4 f3 18. e5 Bxe5 19. Bxe5 Qxe5 20. Qxf3 Re8 21. Qf4 Qc3 22. Rad1 Rb4 23. Qd2 Qc5+ 24. Qf2 Qxf2+ 25. Rxf2 Reb8 26. c4 Kf8 27. Bf5 d5 28. cxd5 cxd5 29. Rc1 R4b6 30. Rfc2 g6 31. Rc8+ Rxc8 32. Rxc8+ Kg7 33. Bc2 Re6 34. h3 Re2 35. Kf1 Rd2 36. b4 d4 37. Bb3 Ne4 38. Rc2 Rd3 39. Ke1 Nc3 40. Rd2 Re3+ 41. Kf1 Re4 42. a4 f5 43. b5 d3 44. Rxd3 Nxa4 45. Bxa4 Rxa4 46. Rb3 Ra7 47. Ke2 Kf6 48. Kd3 1/2-1/2